| 000 | 00590 a2200181 4500 | ||
|---|---|---|---|
| 020 | _a3540674578 | ||
| 020 | _a9783540674573 | ||
| 082 | _a530.12 | ||
| 090 |
_c1617 _d1617 |
||
| 100 | 1 | _aGreiner, Walter. | |
| 245 | 1 | 0 |
_aRelativistic quantum mechanics. wave equations / _cWalter Greiner, D.A. Bromley. |
| 250 | _a3rd ed. | ||
| 260 |
_a[S.l.] : _bSpringer, _c2000. |
||
| 300 |
_a444 p. ; _c24 cm. |
||
| 700 | 1 | _aBromley, D.A. | |
| 942 |
_aSNS _cBK _k530.12 GRE |
||
| 999 |
_c30226 _d30226 |
||